| 000 | 00451nam a22001817a 4500 | ||
|---|---|---|---|
| 999 |
_c525602 _d525602 |
||
| 003 | NUST | ||
| 005 | 20190703070212.0 | ||
| 038 | _aFaiza | ||
| 082 |
_a891.4911 _bZAH |
||
| 100 |
_aZahoor, Tanveer _914892 |
||
| 245 |
_aUstad Daman / _cTanveer Zahoor |
||
| 260 |
_aLahore: _bSachal, _c2009. |
||
| 300 | _a213p. ; | ||
| 500 | _aHard Cover | ||
| 880 |
_6100-01\r _aتنویر ظہور |
||
| 880 |
_6245-02\r _a /اُستاد دامن |
||
| 942 |
_2ddc _cBK |
||